Marvel Contest of Champions Champion Quiz - Statistics

General Stats
  • This quiz has been taken 49 times
    35 since last reset
  • The average score is 70 of 195
Answer Stats
Champion Release Date Class % Correct
Iron Man December 10, 2014 Tech
88%
Captain America December 10, 2014 Science
80%
Hulk December 10, 2014 Science
80%
Abomination December 10, 2014 Science
76%
Ant-Man July 9, 2015 Science
76%
Black Widow May 7, 2015 Skill
76%
Hawkeye December 10, 2014 Skill
76%
Deadpool December 10, 2014 Mutant
72%
Doctor Strange March 19, 2015 Mystic
72%
Captain Marvel March 7, 2019 Cosmic
68%
Spider-Man December 10, 2014 Science
68%
Wasp July 5, 2018 Science
68%
Wolverine December 10, 2014 Mutant
68%
Black Panther December 10, 2014 Skill
64%
Gamora December 10, 2014 Cosmic
64%
Thanos August 17, 2016 Cosmic
64%
Thor December 10, 2014 Cosmic
64%
Daredevil April 16, 2015 Skill
60%
Doctor Octopus August 17, 2017 Tech
60%
Ghost July 19, 2018 Tech
60%
Green Goblin August 3, 2017 Tech
60%
Groot December 24, 2015 Cosmic
60%
Human Torch April 18, 2019 Science
60%
Scarlet Witch December 10, 2014 Mystic
60%
Star-Lord December 10, 2014 Tech
60%
Thing January 10, 2019 Science
60%
Venom October 29, 2015 Cosmic
60%
Winter Soldier December 10, 2014 Skill
60%
Beast July 21, 2016 Mutant
56%
Falcon June 9, 2016 Skill
56%
Invisible Woman June 27, 2019 Science
56%
Loki August 4, 2016 Mystic
56%
Magneto June 18, 2015 Mutant
56%
Mister Fantastic November 28, 2019 Science
56%
Ultron June 4, 2015 Tech
56%
Yellowjacket July 30, 2015 Science
56%
Black Bolt December 10, 2014 Cosmic
52%
Blade October 26, 2017 Skill
52%
Colossus December 10, 2014 Mutant
52%
Drax December 10, 2014 Cosmic
52%
Ronin May 2, 2019 Skill
52%
War Machine August 13, 2015 Tech
52%
Ægon November 22, 2018 Skill
48%
Iron Fist December 10, 2014 Mystic
48%
Juggernaut December 10, 2014 Mutant
48%
Nick Fury March 12, 2019 Skill
48%
Professor X September 10, 2020 Mutant
48%
Red Guardian May 28, 2020 Science
48%
Silver Surfer December 12, 2019 Cosmic
48%
Storm December 10, 2014 Mutant
48%
Apocalypse September 24, 2020 Mutant
44%
Carnage June 8, 2017 Cosmic
44%
Doctor Doom November 14, 2019 Mystic
44%
Electro February 6, 2015 Science
44%
Elektra October 8, 2015 Skill
44%
Iceman March 30, 2017 Mutant
44%
Luke Cage November 26, 2015 Science
44%
Nebula May 11, 2017 Tech
44%
Red Hulk April 28, 2016 Science
44%
Rogue September 15, 2016 Mutant
44%
Ronan December 10, 2014 Cosmic
44%
Spider-Gwen November 12, 2015 Science
44%
Vision December 10, 2014 Tech
44%
Vulture July 20, 2017 Tech
44%
Cable January 19, 2017 Mutant
40%
Captain America (Infinity War) May 10, 2018 Science
40%
Corvus Glaive April 26, 2018 Cosmic
40%
Howard the Duck December 22, 2016 Tech
40%
Jubilee January 14, 2021 Mutant
40%
Killmonger February 15, 2018 Skill
40%
She-Hulk March 3, 2016 Science
40%
Cull Obsidian May 16, 2019 Cosmic
36%
Doctor Voodoo November 24, 2016 Mystic
36%
Ebony Maw May 31, 2019 Mystic
36%
Ghost Rider October 27, 2016 Mystic
36%
Goldpool June 6, 2018 Mutant
36%
Gwenpool January 5, 2017 Skill
36%
Heimdall August 16, 2018 Cosmic
36%
Kingpin August 31, 2017 Skill
36%
M.O.D.O.K. December 21, 2017 Science
36%
Ms. Marvel April 2, 2015 Cosmic
36%
Mysterio July 25, 2019 Tech
36%
Namor June 13, 2019 Mutant
36%
Nightcrawler July 7, 2016 Mutant
36%
Phoenix October 13, 2016 Cosmic
36%
Proxima Midnight April 12, 2018 Cosmic
36%
Rocket Racoon March 5, 2015 Tech
36%
Spider-Ham December 10, 2020 Science
36%
Spider-Man (Miles Morales) January 7, 2016 Science
36%
Sunspot August 8, 2019 Mutant
36%
Warlock August 22, 2019 Tech
36%
Yondu May 25, 2017 Tech
36%
Archangel March 2, 2017 Mutant
32%
Bishop March 14, 2018 Mutant
32%
Black Panther (Civil War) May 26, 2016 Skill
32%
Domino June 7, 2018 Mutant
32%
Dormammu February 16, 2017 Mystic
32%
Iron Man (Infinity War) May 24, 2018 Tech
32%
Iron Patriot July 2, 2015 Tech
32%
Man-Thing October 17, 2019 Mystic
32%
Medusa September 14, 2017 Cosmic
32%
Mephisto September 28, 2017 Mystic
32%
Platinumpool September 2, 2020 Mutant
32%
Punisher December 10, 2014 Skill
32%
Rhino December 10, 2014 Science
32%
Sabretooth March 29, 2018 Mutant
32%
Sentry January 4, 2018 Science
32%
Thor (Ragnarok) November 9, 2017 Skill
32%
Venompool February 18, 2016 Cosmic
32%
Air-Walker August 13, 2020 Cosmic
28%
Captain Marvel (Classic) January 8, 2015 Cosmic
28%
Civil Warrior June 30, 2016 Tech
28%
Crossbones May 12, 2016 Skill
28%
Guardian July 9, 2020 Tech
28%
Hela November 23, 2017 Cosmic
28%
Hyperion December 8, 2016 Cosmic
28%
Karnak September 1, 2016 Skill
28%
Longshot February 13, 2020 Mystic
28%
Magik January 22, 2015 Mutant
28%
Moon Knight September 24, 2015 Skill
28%
Mordo November 10, 2016 Mystic
28%
Spider-Man (Stark Enhanced) July 6, 2017 Tech
28%
Superior Iron Man February 19, 2015 Cosmic
28%
Taskmaster December 7, 2017 Skill
28%
Unstoppable Collossus February 25, 2015 Mystic
28%
Venom the Duck October 16, 2018 Cosmic
28%
Wolverine (Weapon X) March 11, 2020 Mutant
28%
Wolverine (X-23) March 17, 2016 Mutant
28%
Abomination (Immortal) November 26, 2020 Science
24%
Agent Venom April 14, 2016 Skill
24%
Angela April 13, 2017 Cosmic
24%
Cyclops (Blue Team) January 21, 2016 Mutant
24%
Gambit August 18, 2016 Mutant
24%
Havok February 7, 2019 Mutant
24%
Hulk (Immortal) November 12, 2020 Science
24%
Hulk (Ragnarok) February 1, 2018 Science
24%
King Groot April 27, 2017 Cosmic
24%
Korg August 30, 2018 Skill
24%
Mister Sinister February 11, 2019 Mutant
24%
Omega Red September 13, 2018 Mutant
24%
Quake September 29, 2016 Science
24%
Red Skull August 2, 2018 Tech
24%
Sasquatch July 23, 2020 Mystic
24%
Sentinel March 1, 2018 Tech
24%
Spider-Man (Symbiote) September 10, 2015 Cosmic
24%
Squirrel Girl January 9, 2020 Skill
24%
Symbiote Supreme October 11, 2018 Mystic
24%
Void January 18, 2018 Science
24%
Annihilus April 4, 2019 Cosmic
20%
Black Widow (Claire Voyant) September 5, 2019 Mystic
20%
Black Widow (Deadly Origin) May 14, 2020 Skill
20%
Cosmic Ghost Rider October 22, 2020 Cosmic
20%
Deadpool (X-Force) September 17, 2015 Mutant
20%
Diablo January 24, 2019 Mystic
20%
Dragon Man August 27, 2020 Mystic
20%
Guillotine October 22, 2015 Mystic
20%
Guillotine 2099 October 31, 2019 Tech
20%
Hulkbuster May 21, 2015 Tech
20%
Masacre June 21, 2018 Skill
20%
Psylocke March 16, 2017 Mutant
20%
Red Goblin October 8, 2020 Cosmic
20%
Sorcerer Supreme April 9, 2020 Mystic
20%
Spider-Man (Stealth Suit) July 11, 2019 Skill
20%
Stryfe January 28, 2021 Mutant
20%
Super-Skrull February 25, 2021 Cosmic
20%
The Champion November 8, 2018 Cosmic
20%
Captain America (WWII) July 2, 2015 Science
16%
Cyclops (New Xavier School) December 10, 2014 Mutant
16%
Emma Frost September 27, 2018 Mutant
16%
Iron Fist (Immortal) August 20, 2015 Mystic
16%
Kang the Conqueror December 10, 2014 Tech
16%
Magneto (House of X) August 27, 2020 Mutant
16%
Mole Man March 12, 2020 Skill
16%
Night Thrasher December 6, 2018 Skill
16%
Nova January 23, 2020 Cosmic
16%
Punisher 2099 June 29, 2017 Tech
16%
Thor (Jane Foster) December 10, 2015 Mystic
16%
Tigra June 11, 2020 Mystic
16%
Vision (Aarkus) September 19, 2019 Cosmic
16%
Elsa Bloodstone October 3, 2019 Skill
12%
Hit-Monkey June 25, 2020 Skill
12%
Mojo February 27, 2020 Mystic
12%
Old Man Logan February 4, 2016 Mutant
12%
Psycho-Man February 11, 2021 Tech
12%
Storm (Pyramid X) April 23, 2020 Mutant
12%
Terrax March 26, 2020 Cosmic
12%
The Hood February 2, 2017 Mystic
12%
Ultron (Classic) August 17, 2016 Tech
12%
Vision (Age of Ultron) May 14, 2015 Tech
12%
Daredevil (Netflix) November 19, 2015 Skill
8%
Darkhawk December 20, 2018 Tech
8%
Joe Fixit October 15, 2015 Science
8%
Magneto (Marvel NOW!) August 27, 2015 Mutant
8%
Morningstar October 12, 2017 Mystic
8%
Ms. Marvel (Kamala Khan) March 31, 2016 Cosmic
8%
No matching quizzes found
Score Distribution
Percent of People with Each Score
Percentile by Number Answered
Your Score History
You have not taken this quiz since the last reset